Obsahové vymedzenie a účtovné zobrazenie finančného prenájmu diplomová práca

Gespeichert in:
Bibliographische Detailangaben
1. Verfasser: Bezáková, Slávka
Körperschaft: Fakulta hospodárskej informatiky EU. Katedra účtovníctva a audítorstva
Weitere Verfasser: Silná, Renáta, 1981-
Format: Buch
Sprache:Slowakisch
Veröffentlicht: Bratislava 2010
Tags: Tag hinzufügen
Keine Tags, Fügen Sie das erste Tag hinzu!

MARC

LEADER 00000nam$a2200000$$$4500
001 0118678
005 20240318122932.2
041 0 |a slo 
044 |a SK 
245 1 0 |a Obsahové vymedzenie a účtovné zobrazenie finančného prenájmu  |b diplomová práca  |c Slávka Bezáková ; škol. Renáta Silná 
264 1 |a Bratislava  |c 2010 
300 |a 66 s. 
100 1 |a Bezáková, Slávka 
700 1 |a Silná, Renáta, 1981- 
710 2 |a Fakulta hospodárskej informatiky EU. Katedra účtovníctva a audítorstva